Statistiche per Classifica Presenze Mondiali di Calcio

Clicka qui per fare il quiz!

Statistiche generali

  • Questo quiz è stato fatto 152 volte
  • Il punteggio medio è 12 su 24

Statistiche sulle risposte

PresenzeNazioneN° edizioniRisposta% Corretto
26Argentina2006, 2010, 2014, 2018, 2022Lionel Messi
100%
19Brasile1998, 2002, 2006Ronaldo
96%
22Portogallo2006, 2010, 2014, 2018, 2022Cristiano Ronaldo
87%
23Italia1990, 1994, 1998, 2002Paolo Maldini
83%
21Argentina1982, 1986, 1990, 1994Diego Armando Maradona
79%
24Germania2002, 2006, 2010, 2014Miroslav Klose
76%
19Croazia2006, 2014, 2018, 2022Luka Modrić
72%
20Francia2010, 2014, 2018, 2022Hugo Lloris
66%
19Germania2010, 2014, 2018, 2022Manuel Neuer
65%
20Germania2006, 2010, 2014Philipp Lahm
60%
25Germania1982, 1986, 1990, 1994, 1998Lothar Matthäus
56%
19Germania2010, 2014, 2018, 2022Thomas Müller
49%
20Brasile1994, 1998, 2002, 2006Cafu
48%
19Francia2014, 2018, 2022Antoine Griezmann
45%
20Germania2006, 2010, 2014Bastian Schweinsteiger
42%
20Argentina2006, 2010, 2014, 2018Javier Mascherano
36%
19Messico2002, 2006, 2010, 2014, 2018Rafael Márquez
34%
19Germania Ovest1978, 1982, 1986Karl-Heinz Rummenigge
24%
20Polonia1974, 1978, 1982Grzegorz Lato
20%
21Germania Ovest1958, 1962, 1966, 1970Uwe Seeler
8%
19Germania2006, 2010, 2014Per Mertesacker
5%
21Polonia1974, 1978, 1982, 1986Władysław Żmuda
3%
19Germania Ovest1970, 1974, 1978Berti Vogts
2%
19Germania Ovest1966, 1970, 1974Wolfgang Overath
1%

Distribuzione punteggi

Percentile per numero di risposta

Percentuale di utenti per punteggio

I tuoi punteggi nel tempo

Non hai fatto questo quiz